Detalles MARC
| 000 -ENCABEZADO |
| Número de control [NR] |
02242nam a2200337Ia 4500 |
| 008 - DE LONGITUD FIJA DE DATOS DE ELEMENTOS - INFORMACIÓN GENERAL |
| Elementos de longitud fija [NR] |
130821s1855 fr gr spa |
| 040 ## - FUENTE DE CATALOGACION [NR] |
| Agencia de catalogación original [NR] |
Co-BoUCM |
| Idioma de catalogación [NR] |
spa |
| 041 0# - CODIGO DE IDIOMA [R] |
| Código de idioma para texto/pista de sonido o título separado [R] |
Francés |
| 092 ## - SIGNATURA TOPOGRAFICA LOCAL |
| Número de clasificación local |
E14N013 |
| 100 1# - ASIENTO PRINCIPAL--NOMBRE PERSONAL [NR] |
| Nombre personal [NR] |
Berriat-Saint-Prix, Jacques |
| Numeración [NR] |
1769-1845 |
| 245 10 - MENCION DE TITULO [NR] |
| Título [NR] |
Cours de procédure civile |
| Mención de responsabilidad, etc. [NR] |
par Jacques Berriat-Saint-Prix |
| 246 13 - FORMA VARIANTE DEL TITULO [R] |
| Título propiamente dicho/forma breve del título [NR] |
[Curso de procedimiento civil] |
| 250 ## - MENCION DE EDICION [NR] |
| Mención de edición [NR] |
Septiéme édition [7a ed.] |
| Resto de la mención de edición [NR] |
Refordue en partie et mise au courtant de la legislation [refundida parcialmente y actualizada con la nueva legislación] |
| 260 ## - PUBLICACION, DISTRIBUCION, ETC. (PIE DE IMPRENTA) [R] |
| Lugar de publicación, distribución, etc. [R] |
París (Francia) |
| Nombre del editor, distribuidor, etc. [R] |
enry Plon, libraire-Editeur |
| Fecha de publicación, distribución, etc. [R] |
1855 |
| 300 ## - DESCRIPCION FISICA [R] |
| Extensión [R] |
2 v. (viii, 440 ; 441-888 páginas, [1] h. pleg. |
| 500 ## - NOTA GENERAL [R] |
| Nota general [NR] |
Detalles físicos (colección): Encuadernación rígida de calidad en cartón forrado en papel jaspeado. Lomo de piel, con adornos y letras en dorado; nervaduras sobre costuras. Guardas en papel de agua fino. Anteportada. Portada sencilla, sin ningun |
| 500 ## - NOTA GENERAL [R] |
| Nota general [NR] |
Detalles físicos V.1: Algún deterioro en el papel de las tapas (pelado y con restos de cintas pegantes). |
| 500 ## - NOTA GENERAL [R] |
| Nota general [NR] |
Detalles físicos V.2: Algún deterioro en el papel de las tapas (pelado y con restos de cintas pegantes). Papel algo manchado. Al final, incluye un plegable sobre "procedimiento para los juicios hipotecarios". |
| 504 ## - NOTA DE BIBLIOGRAFIA, ETC. [R] |
| Nota de bibliografía, etc. [NR] |
|
| 505 0# - NOTA DE CONTENIDO CON FORMATO PREESTABLECIDO [R] |
| Nota de contenido con formato preestablecido [NR] |
V.1: Advertencias a los alumnos. ; Nociones preliminares. ; Parte primera: Introducción al procedimiento. ; La jurisdicción. ; Las acciones. -- Parte segunda. ; El procedimiento judicial. ; Introducción. ; Procedimientos ante los tribunales: pre |
| 505 0# - NOTA DE CONTENIDO CON FORMATO PREESTABLECIDO [R] |
| Nota de contenido con formato preestablecido [NR] |
V.2: Vías en contra de los juicios: ordinarias y extraordinarias. ; Ejecución de los juicios y de los actos. ; Ejecución voluntaria y ejecución forzosa. ; Los procedimientos extrajudiciales. ; Diversas clases. ; Procedimientos relacionados con l |
| 506 ## - NOTA DE RESTRICCIONES DE ACCESO [R] |
| Condiciones de acceso [NR] |
Consulta en sala. |
| 546 ## - NOTA DE IDIOMA [R] |
| Nota de idioma [NR] |
Texto en francés. |
| 650 ## - ASIENTO SECUNDARIO DE MATERIA - TERMINO TEMATICO [R] |
| Término temático o nombre geográfico como elemento de entrada [NR] |
Derecho civil |
| Subdivisión de forma [R] |
Libros de texto |
| Subdivisión cronológica [R] |
Siglo XIX |
| 9 (RLIN) |
12711 |
| 650 ## - ASIENTO SECUNDARIO DE MATERIA - TERMINO TEMATICO [R] |
| Término temático o nombre geográfico como elemento de entrada [NR] |
Derecho |
| 9 (RLIN) |
7494 |
| 650 ## - ASIENTO SECUNDARIO DE MATERIA - TERMINO TEMATICO [R] |
| Término temático o nombre geográfico como elemento de entrada [NR] |
Jurisprudencia civil |
| Subdivisión general [R] |
Obras anteriores a 1900 |
| 9 (RLIN) |
7771 |
| 650 ## - ASIENTO SECUNDARIO DE MATERIA - TERMINO TEMATICO [R] |
| Término temático o nombre geográfico como elemento de entrada [NR] |
Procedimiento civil |
| Subdivisión geográfica [R] |
Francia |
| 9 (RLIN) |
7969 |
| 710 2# - ASIENTO SECUNDARIO - NOMBRE CORPORATIVO [R] |
| Nombre corporativo o de jurisdicción como elemento de entrada [NR] |
Plon, Henri |
| Término de relación [R] |
|
| 942 ## - ELEMENTOS DE ENTRADA AGREGADOS (KOHA) |
| Tipo de ítem principal el descrito en 300a |
Libro |
| Tema principal |
Derecho |
| Edición |
7 |
| Sistema de clasificación |
DEWEY |
| Clasificación |
347 |